Normal view
MARC view
- Multiconductor transmission lines
Entry Topical Term
001 - CONTROL NUMBER
- control field: 41526
003 - CONTROL NUMBER IDENTIFIER
- control field: NUST
005 - DATE AND TIME OF LATEST TRANSACTION
- control field: 20210314132056.0
008 - FIXED-LENGTH DATA ELEMENTS
- fixed length control field: 210314|| aca||aabn | a|a d
040 ## - CATALOGING SOURCE
- Original cataloging agency: NUST
- Transcribing agency: NUST
150 ## - HEADING--TOPICAL TERM
- Topical term or geographic name entry element: Multiconductor transmission lines
- General subdivision: Software
670 ## - SOURCE DATA FOUND
- Source citation: Work cat.: (NUST): Djordjević, A. R. 41525, LINPAR for Windows, c1996.
